<?xml version="1.0" encoding="UTF-8"?>
<record
    xmlns:xsi="http://www.w3.org/2001/XMLSchema-instance"
    xsi:schemaLocation="http://www.loc.gov/MARC21/slim http://www.loc.gov/standards/marcxml/schema/MARC21slim.xsd"
    xmlns="http://www.loc.gov/MARC21/slim">

  <leader>01340cam a22002531  4500</leader>
  <controlfield tag="001">gs 13000022 </controlfield>
  <controlfield tag="003">DLC</controlfield>
  <controlfield tag="005">20260227111313.0</controlfield>
  <controlfield tag="008">920618s1912    ag ab    b    000 0 spa c</controlfield>
  <datafield tag="010" ind1=" " ind2=" ">
    <subfield code="a">gs 13000022 </subfield>
  </datafield>
  <datafield tag="035" ind1=" " ind2=" ">
    <subfield code="a">(OCoLC)26041773</subfield>
  </datafield>
  <datafield tag="040" ind1=" " ind2=" ">
    <subfield code="a">Library, U.S. Geol. survey</subfield>
    <subfield code="c">CSt</subfield>
    <subfield code="d">DLC</subfield>
  </datafield>
  <datafield tag="042" ind1=" " ind2=" ">
    <subfield code="a">premarc</subfield>
  </datafield>
  <datafield tag="050" ind1="0" ind2="0">
    <subfield code="a">QE231</subfield>
    <subfield code="b">.B7</subfield>
  </datafield>
  <datafield tag="100" ind1="1" ind2=" ">
    <subfield code="a">Bodenbender, Guillermo,</subfield>
    <subfield code="d">1857-1941.</subfield>
  </datafield>
  <datafield tag="245" ind1="0" ind2="0">
    <subfield code="a">Descripciones regionales segunda secci&#xF3;n.</subfield>
    <subfield code="b">Parte meridional de la provincia de la Rioja y regiones lim&#xED;trofes; constitutci&#xF3;n geol&#xF3;gica y productos minerales,</subfield>
    <subfield code="c">por el dr. Guillermo Bodenbender ... con un plano geol&#xF3;gico, un cuadro de perfiles y fotograbados ...</subfield>
  </datafield>
  <datafield tag="260" ind1=" " ind2=" ">
    <subfield code="a">Buenos Aires,</subfield>
    <subfield code="b">Talleres de publicaciones de la Oficina meteorol&#xF3;gica Argentina,</subfield>
    <subfield code="c">1912.</subfield>
  </datafield>
  <datafield tag="300" ind1=" " ind2=" ">
    <subfield code="a">161 p., 3 l.</subfield>
    <subfield code="b">illus., fold. map, 2 fold. col. diagr.</subfield>
    <subfield code="c">27 cm.</subfield>
  </datafield>
  <datafield tag="490" ind1="0" ind2=" ">
    <subfield code="a">Argentine Republic. Ministerio de agricultura. Secci&#xF3;n geolog&#xED;a, mineralog&#xED;a y miner&#xED;a. Anales.</subfield>
    <subfield code="v">t. VII, n&#xFA;m. 3</subfield>
  </datafield>
  <datafield tag="500" ind1=" " ind2=" ">
    <subfield code="a">At head of title: ... Divisi&#xF3;n de minas, geolog&#xED;a &#xE9; hidrolog&#xED;a. Contribuciones al conocimiento geol&#xF3;gico de la Rep&#xFA;blica Argentina. Materiales para el mapa geol&#xF3;gico econ&#xF3;mico.</subfield>
  </datafield>
  <datafield tag="504" ind1=" " ind2=" ">
    <subfield code="a">"Bibliograf&#xED;a": 2 leaves after p. 161.</subfield>
  </datafield>
  <datafield tag="650" ind1=" " ind2="0">
    <subfield code="a">Mines and mineral resources</subfield>
    <subfield code="z">Argentina.</subfield>
  </datafield>
  <datafield tag="650" ind1=" " ind2="0">
    <subfield code="a">Geology</subfield>
    <subfield code="z">Argentina.</subfield>
  </datafield>
  <datafield tag="999" ind1=" " ind2=" ">
    <subfield code="c">25219</subfield>
    <subfield code="d">25219</subfield>
  </datafield>
</record>
